[Event "17th Asian Continental-ch Open 2018"]
[Site "Makati City"]
[Date "2018.12.11"]
[Round "2.12"]
[White "Yakubboev, Nodirbek"]
[Black "Khusnutdinov, Rustam"]
[Result "1/2-1/2"]
[WhiteElo "2556"]
[BlackElo "2470"]
[Annotator "TA"]
[PlyCount "302"]
[EventDate "2018.12.07"]
[EventType "swiss"]
[EventRounds "9"]
[EventCountry "PHI"]

{[%evp 20,302,14,11,30,49,34,37,37,39,48,42,27,15,16,17,18,20,22,10,8,12,23,0,0,0,0,0,0,0,0,0,8,8,8,6,2,0,8,12,6,4,4,5,16,11,21,32,33,35,22,22,16,16,86,34,110,98,99,26,15,23,97,97,112,127,122,118,125,75,80,46,46,46,47,52,175,175,171,101,173,177,171,167,179,173,164,166,147,147,193,195,188,199,199,190,220,176,186,167,150,129,199,199,199,107,108,108,181,87,123,124,112,29,49,20,52,20,25,62,97,131,173,100,108,93,101,8,95,102,102,8,27,52,20,28,29975,29977,29978,8,8,8,173,173,173,173,173,173,173,173,173,173,173,173,173,158,158,158,158,158,158,151,173,173,173,173,173,173,173,173,181,181,181,181,181,181,181,181,186,181,186,0,0,0,0,0,0,0,0,0,0,0,0,0,0,0,0,0,0,0,0,0,0,0,0,0,0,0,0,0,0,0,0,0,0,0,0,0,0,0,0,0,0,0,0,0,0,0,0,0,0,0,0,0,0,0,0,0,0,0,0,0,0,0,0,0,0,0,0,0,0,0,0,0,0,0,0,0,0,0,0,0,0,0,0,0,0,0,0,0,0,0,0,0,0,0,0,0,0,0,0,0,0,0,0]} 1. d4 Nf6 2. c4 e6 3. g3 d5 4. Bg2 dxc4 5. Nf3 Bd7 6. Ne5 Bc6 7. Nxc6 Nxc6 8. O-O Qd7 {E04: Open Catalan: 5 Nf3} 9. e3 {[%cal Be2e3,Be3d4,Bd4d5][%mdl 32]} Rd8 10. Qe2 e5 11. Nc3 {LiveBook: 10 Games} exd4 12. exd4+ Be7 13. d5 Nb4 14. Bg5 O-O {[%cal Rf6d5] [#]} 15. Rae1 $146 ({Predecessor:} 15. Qxc4 Nbxd5 16. Nxd5 Nxd5 17. Bxe7 Nxe7 18. Bxb7 {½-½ (42) Kraemer,M (2570)-Luther,T (2541) Austria 2016}) 15... Rfe8 16. Qxc4 {Black should prevent Bxf6.} Nbxd5 17. Nxd5 Nxd5 18. Bxe7 Nxe7 19. Bxb7 c6 20. Ba6 $1 Nf5 21. Qf4 g6 22. Bc4 c5 23. b3 Qb7 24. f3 Re7 25. Re4 Rde8 {[%cal Re7e4]} 26. Rfe1 Kg7 27. Kf2 Qd7 28. Kg2 Qb7 29. Re5 Nd4 30. R1e4 Rxe5 31. Rxe5 Rxe5 32. Qxe5+ {[%mdl 64] Double Attack} Kg8 33. Bd5 Qd7 34. g4 a5 35. Bc4 $36 {[%mdl 2048] White is more active.} Qb7 36. Qf6 Qd7 (36... Qc7 $11 {remains equal.}) 37. h4 (37. Qb6 $16) 37... Ne6 (37... Nc2 $14) 38. Bxe6 $1 $16 fxe6 {[%mdl 4096] Endgame KQ-KQ} 39. h5 ({White should play} 39. Qf4 $16) 39... gxh5 $1 $11 40. Qg5+ Qg7 (40... Kh8 $1 $11) 41. Qxh5 $16 Qe7 42. Qe5 Kf7 43. Kg3 h6 44. f4 Kg6 45. f5+ Kf7 46. fxe6+ Qxe6 47. Qxc5 Kg6 (47... Kg7 $14) 48. Kf4 $1 $18 (48. Qxa5 Qe3+ 49. Kg2 Qe2+ 50. Kg1 Qxg4+ 51. Kf1 Qf3+ 52. Ke1 Qe4+ 53. Kd2 Qf4+ 54. Ke2 Qe4+ 55. Kd2 Qf4+ 56. Kd3 Qf3+ 57. Kd2 Qf4+ $11) 48... Qa6 49. Qc2+ (49. Qh5+ $1 $18 Kg7 50. Qe5+ Kg6 51. Qe4+ Kf6 52. Qd4+ Kg6 53. Qe4+ Kf6 54. Qd4+ Kg6 55. Qe4+) 49... Kf6 (49... Kg7 $16) 50. Qf5+ Kg7 51. Qe5+ Kg6 {intending ...Qf1+.} 52. Qe4+ Kf6 53. Qd4+ Kg6 54. Ke3 Kg5 55. Qf4+ Kg6 56. Qf5+ Kg7 57. Qd7+ Kf6 58. Qd8+ Kg7 59. Qd4+ Kf8 60. Kd2 Qc6 (60... Qe6 $16 61. Qc5+ Kf7 62. Qh5+ (62. Qxa5 Qd6+ 63. Ke2 Qh2+ 64. Kd3 Qh3+ 65. Kc2 Qg2+ 66. Qd2 Qxg4 $16) 62... Ke7) 61. a4 $1 Qf3 62. Kc2 (62. Qh8+ $18 Kf7 63. Qh7+ (63. Qxh6 Qg2+ 64. Kc1 Qxg4 $16) 63... Ke8 64. Qg6+ (64. Qxh6 Qd5+ 65. Ke2 Qg2+ 66. Kd3 Qd5+ 67. Ke2 Qg2+ 68. Kd3 Qd5+ 69. Ke2 $16) 64... Ke7 65. Qh7+ (65. Qxh6 Qxg4 66. Qe3+ Qe6 $16) 65... Ke8 66. Qg6+ (66. Qxh6 Qd5+ 67. Ke2 Qg2+ 68. Kd3 Qd5+ 69. Ke2 Qg2+ 70. Kd3 Qd5+ 71. Ke2 $16) 66... Ke7 67. Qg7+ (67. Qxh6 Qxg4 68. Qe3+ Qe6 $16) 67... Ke8 68. Qe5+ (68. Qxh6 Qd5+ 69. Ke2 Qg2+ 70. Kd3 Qd5+ 71. Ke2 Qg2+ 72. Kd3 Qd5+ 73. Ke2 $16) 68... Kf7 69. Qh5+ (69. Qxa5 Qxb3 70. Qf5+ Kg7 $16) 69... Ke7 70. Qxa5 Qxb3 71. Qc5+ Kf7 72. a5) 62... Qe2+ $16 63. Kc3 Qe1+ (63... Qe6 $16 {is a better defense.} 64. b4 Qe1+ 65. Kb2 Qe2+ 66. Kb3 Qf3+ 67. Kc4 axb4 68. Kxb4 Qb7+ 69. Kc4 Qf7+ 70. Kb5 Qe8+ 71. Kb4 Qe1+ 72. Kb5 Qe8+ 73. Kb4 Qe1+ 74. Kc5 Ke8) 64. Qd2 (64. Kd3 $18) 64... Qe5+ 65. Kc4 Qe6+ 66. Kc5 (66. Kb5 $16) 66... Qxb3 $11 67. Qxh6+ Kg8 68. Qg6+ (68. Qf4 $5 {[%cal Rf4c4]} Qb7 69. Qg5+ Kh7 70. Qd2 $16) 68... Kh8 $1 69. Qe8+ Kh7 70. Qb5 Qc3+ 71. Qc4 (71. Kb6 $18 {aiming for Qd7+.} Qb4 72. Ka6 (72. Qxb4 $2 axb4 73. a5 b3 $19)) 71... Qb2 $16 72. Kc6 Qb4 73. Kd5 (73. Qxb4 $2 axb4 74. Kc7 b3 $19) ({Better is} 73. Qb5 $1 $16) 73... Qd2+ (73... Qb7+ $1 $11 {keeps the balance.} 74. Ke5 Qb2+ 75. Kf5 Qf2+ 76. Ke4 Qg2+ 77. Kf5 Qf2+ 78. Ke4 Qg2+ 79. Ke5 Qb2+ 80. Ke4 Kg6) 74. Qd4 Qc1 75. Ke5 ({White should try} 75. Qd3+ $1 $16 Kh6 76. Qa6+ Kg7 77. Qb7+ Kf8 78. Qb8+ Kg7 79. Qa7+ Kg6 80. Qa6+ Kg7 81. Qe2) 75... Qc7+ 76. Ke6 {Black must now prevent Qd7+.} Qc6+ 77. Ke7 Qc7+ $2 {[%mdl 8192]} (77... Qf3 $11) 78. Qd7 $1 Qe5+ 79. Kd8+ $2 (79. Kf7 {mates} Qg7+ 80. Ke6 Qxd7+ 81. Kxd7 Kh6 82. Kc6 Kg5 83. Kb6 Kf6 84. Kxa5) 79... Kh6 $11 80. Kc8 Qb2 $2 (80... Kg5 $11) 81. Qe6+ $18 Kg5 82. Qf5+ Kh4 83. Qh5+ Kg3 84. Qxa5 Kxg4 85. Qc5 Qh8+ 86. Kc7 Qg7+ 87. Kc6 {Intending Qg1+ and mate.} Qg6+ 88. Kb5 {Hoping for Qg1+.} Qe8+ {[#]} 89. Qc6 $1 {[%cal Rc6e8]} Qe5+ 90. Kb6 Qb8+ {[#]} 91. Ka6 $1 Kh3 92. a5 Kh2 93. Qb7 Qd6+ 94. Ka7 Qc5+ 95. Qb6 Qe7+ 96. Ka8 {Strongly threatening a6.} Qe4+ 97. Qb7 Qd3 98. a6 {And now Qc6 would win.} Kg1 99. Qb6+ Kh2 100. a7 $2 (100. Kb8 $18 Kg2 101. a7 Qg3+ 102. Qc7 Qg8+ 103. Qc8 Qg3+ 104. Ka8) 100... Qd5+ {The position is equal.} 101. Qb7 Qd4 102. Qc7+ Kh1 103. Kb8 Qh8+ 104. Kb7 Qb2+ 105. Kc6 Qc3+ 106. Kd7 (106. Kb7 Qb3+ 107. Ka8 Kg1 $18) 106... Qg7+ 107. Kc8 Qf8+ 108. Qd8 Qc5+ 109. Kb7 Qb4+ 110. Qb6 Qe7+ 111. Ka8 (111. Qc7 Qb4+ 112. Qb6 Qe7+ 113. Ka8 Qf8+ 114. Qb8 Qc5 $18) 111... Qf8+ 112. Qb8 Qc5 113. Qb7+ Kg1 114. Qg7+ Kh1 {[%cal Rc5c8]} 115. Kb8 Qd6+ 116. Kb7 (116. Qc7 Qf8+ 117. Qc8 Qd6+ 118. Qc7 Qf8+ 119. Kb7 Qb4+ 120. Qb6 Qe7+ 121. Ka8 Qf8+ 122. Qb8 Qc5 $18) 116... Qd5+ 117. Kc7 Qc5+ 118. Kd8 (118. Kb8 Qd6+ 119. Qc7 Qf8+ 120. Kb7 Qb4+ 121. Kc8 Qf8+ 122. Kb7 Qb4+ 123. Ka8 Kg1 $18) 118... Qd6+ 119. Qd7 Qb6+ 120. Kc8 Qc5+ 121. Kb7 Qb4+ 122. Ka6 Qa3+ 123. Kb6 {Threatening mate with Qd5+.} Qe3+ 124. Kb7 Qb3+ 125. Kc7 Qg3+ 126. Qd6 Qg7+ 127. Kb6 Qb2+ 128. Kc6 Qc3+ 129. Qc5 ({Weaker is} 129. Kb7 Qb3+ 130. Kc7 Qf7+ 131. Qd7 Qf4+ 132. Kb6 Qf2+ 133. Kb7 Qb2+ 134. Kc7 Qe5+ 135. Kb6 Qb2+ 136. Qb5 Qd4+ 137. Qc5 Qb2+ 138. Kc6 Qf6+ 139. Kd7 Qf7+ 140. Kc6 Qe6+ 141. Kc7 Qf7+ 142. Kd8 Qg8+ 143. Ke7 Qg7+ 144. Ke6 Qg8+ 145. Kd6 Qg6+ 146. Kd5 Qg2+ 147. Ke5 Qg7+ 148. Kd5 Qd7+ 149. Ke5 Qe8+ 150. Kd5 $18) 129... Qf6+ $1 130. Kb5 $1 ({Not} 130. Kb7 Qf7+ 131. Kb6 Qb3+ 132. Kc6 Qe6+ 133. Kc7 Qf7+ 134. Kc6 Qf6+ 135. Kd7 Qf7+ 136. Kc6 Qe6+ 137. Kc7 Qf7+ 138. Kc6 $18) 130... Qb2+ 131. Ka6 Qa2+ 132. Kb6 ({Less strong is} 132. Kb7 Qb2+ 133. Ka6 Qa2+ 134. Kb6 Qb3+ 135. Kc6 Qe6+ 136. Kc7 Qf7+ 137. Kd6 Qf6+ 138. Kd5 Qf7+ 139. Kc6 Qg6+ 140. Kb7 Qf7+ 141. Kb6 Qb3+ 142. Kc6 Qe6+ 143. Kb5 Qb3+ 144. Ka6 Qa4+ 145. Kb6 Qb3+ $18) 132... Qb3+ 133. Kc7 Qf7+ 134. Kd8 Qf6+ 135. Qe7 Qd4+ 136. Ke8 Qh8+ 137. Qf8 Qe5+ 138. Kf7 Qd5+ 139. Kg6 Qg2+ 140. Kh7 Qe4+ 141. Kg8 Qc4+ 142. Qf7 Qg4+ 143. Kh7 Qe4+ 144. Kg7 {Threatens to win with Qh5+.} Qd4+ 145. Kg6 Qd3+ 146. Kg5 Qd2+ 147. Kg4 Qd4+ 148. Kg3 Qg1+ 149. Kh4 Qf2+ 150. Kh3 Qg2+ 151. Kh4 {Qh5 is the strong threat.} Qf2+ {Accuracy: White = 60%, Black = 62%.} 1/2-1/2

[Event "17th Asian Continental-ch Open 2018"]
[Site "Makati City"]
[Date "2018.12.11"]
[Round "2.13"]
[White "Bersamina, Paulo"]
[Black "Abdusattorov, Nodirbek"]
[Result "0-1"]
[WhiteElo "2444"]
[BlackElo "2546"]
[Annotator "TA"]
[PlyCount "96"]
[EventDate "2018.12.07"]
[EventType "swiss"]
[EventRounds "9"]
[EventCountry "PHI"]

{[%evp 9,96,6,11,5,15,-8,0,-35,-35,-27,-31,-31,-27,-27,-35,-41,-28,-57,-44,-49,-43,-70,-56,-60,-59,-59,-58,-80,-58,-60,-58,-69,-63,-63,-63,-63,-63,-89,-96,-100,-87,-111,-104,-122,-111,-111,-100,-174,-160,-174,-175,-183,-189,-181,-127,-221,-215,-362,-286,-316,-319,-304,-246,-431,-431,-616,-616,-605,-604,-576,-579,-562,-553,-669,-664,-727,-733,-871,-850,-1543,-1407,-1483,-1407,-1688,-1457,-1622,-1519,-1929,-1819]} 1. c4 Nf6 2. g3 c6 3. b3 (3. Nf3 d5 4. Qb3 dxc4 5. Qxc4 b5 6. Qc2 Bb7 7. Bg2 Nbd7 8. d4 e6 9. O-O c5 10. dxc5 Bxc5 11. Nc3 Rc8 12. a3 O-O 13. Qd3 a6 14. Be3 Nb6 15. Qxd8 Rfxd8 16. Bxc5 Rxc5 17. Rfd1 Rdc8 18. Nd2 Bxg2 19. Kxg2 R5c6 20. a4 b4 21. Na2 a5 {0-1 (51) Hess,R (2574)-Wojtaszek,R (2727) Douglas 2018}) 3... e5 4. Bb2 Bd6 5. Bg2 O-O 6. Nc3 {A15: English Opening: 1...Nf6} Re8 $146 ({Predecessor:} 6... Qe8 7. d3 Bc7 8. Rc1 Ba5 9. Ba3 d5 10. Bxf8 Qxf8 {1-0 (27) Cuenca Jimenez,F (2130)-Delgado Palomeque,R Burguillos 2008}) 7. d4 e4 8. Qc2 {[%cal Rc3e4] The position is equal.} Bb4 9. a3 Bxc3+ 10. Bxc3 d5 11. e3 Nbd7 12. a4 Nf8 13. c5 Bf5 14. b4 Ne6 15. Qd2 Qd7 16. h4 Bg4 17. Bf1 Nc7 18. Qb2 a6 19. Rb1 Qf5 20. Qc2 h6 {[%cal Bh7h6,Bh6g5][%mdl 32]} 21. Be2 Re6 22. Rb2 Bxe2 23. Nxe2 Qf3 24. Rf1 g5 {Threatens to win with ...Ng4.} 25. hxg5 hxg5 {And now ...Ng4 would win.} 26. Ng1 Qg2 {Strongly threatening ...Ng4.} 27. Qe2 Kg7 28. Rb1 (28. Kd1 $17 {was called for.}) 28... Rh8 $19 29. Kd2 {[#]} Rh2 $1 30. b5 axb5 31. Ba5 Nce8 ({Black should try} 31... Nfe8 $19 32. Bxc7 Nxc7) 32. Bd8 (32. axb5 $17 Nh5 33. Bd8) 32... bxa4 33. Rxb7 (33. Kc3 {was worth a try.}) 33... Kg6 34. Kc3 Ng7 35. Rb2 Nf5 36. Kb4 $2 (36. Rfb1) 36... Re8 {Black is clearly winning.} 37. Bb6 (37. Bc7 $142 Rc8 38. Be5) 37... Rh1 {[%cal Bh2h1,Bh1g1,Bg1g2][%mdl 32]} 38. Rbb1 {[#]} Nxg3 $1 {[%mdl 512]} 39. fxg3 {[#]} Rxg1 $1 {[%mdl 512]} 40. Qxg2 (40. Rxg1 Qxe2) 40... Rxg2 41. Bc7 Ng4 42. Rfe1 Re7 43. Bd6 Rb7+ 44. Ka5 Rxb1 45. Rxb1 a3 46. Ra1 Nxe3 47. Kb6 Nc2 48. Ra2 e3 {Accuracy: White = 42%, Black = 77%.} 0-1

[Event "17th Asian Continental-ch Open 2018"]
[Site "Makati City"]
[Date "2018.12.11"]
[Round "2.14"]
[White "Puranik, Abhimanyu"]
[Black "Lye, Lik Zang"]
[Result "0-1"]
[WhiteElo "2544"]
[BlackElo "2321"]
[Annotator "TA"]
[PlyCount "128"]
[EventDate "2018.12.07"]
[EventType "swiss"]
[EventRounds "9"]
[EventCountry "PHI"]

{[%evp 19,128,56,36,33,36,27,34,35,42,26,38,29,29,22,22,11,15,18,36,0,0,2,13,14,21,0,19,26,64,24,48,49,83,72,73,70,87,80,82,81,81,82,112,90,75,71,71,71,97,41,48,50,61,58,64,8,8,8,8,6,6,0,0,0,0,-8,0,-36,-44,-56,-35,-37,-25,-54,-8,-52,0,0,0,0,0,-12,0,-21,0,0,0,0,0,-8,-8,-547,-539,-767,-767,-5310,-4961,-3089,-2995,-2204,-2027,-29979,-29980,-29980,-29981,-29981,-29982,-29984,-29985,-29985,-29984]} 1. Nf3 d5 2. g3 c6 3. Bg2 Bg4 4. O-O e6 5. h3 Bh5 6. d4 {A07: Réti Opening: New York and Capablanca Systems} Nf6 7. c4 Nbd7 8. cxd5 cxd5 (8... exd5 9. Ne5 Ne4 10. Nd2 Nxd2 11. Bxd2 Nxe5 12. dxe5 Bc5 13. Kh2 O-O {½-½ (32) Svidler,P (2768)-Karjakin,S (2753) Wijk aan Zee 2018}) 9. Nc3 Bd6 10. Qb3 Qb6 {LiveBook: 9 Games} 11. Qxb6 Nxb6 12. Ne5 Bb4 13. g4 Bg6 $146 ({Predecessor:} 13... Bxc3 14. bxc3 {1-0 (62) Zelovic,V (2374)-Szczepaniak,A (2302) ICCF email 2008}) 14. Bd2 O-O 15. Rac1 Nfd7 16. Nxg6 hxg6 17. Rc2 Rfc8 18. Rfc1 Rc4 19. a3 Bxc3 20. Bxc3 Rac8 21. b3 R4c7 22. e3 Nf6 {Strongly threatening ...Ne4.} 23. f3 Nbd7 24. Kf1 Ne8 25. Ke2 f5 26. Kd2 Kf7 27. Bf1 Nd6 28. Bb4 Rxc2+ 29. Rxc2 Rxc2+ 30. Kxc2 $16 {[%mdl 4096] Endgame KBB-KNN} Nc8 31. Bb5 Nb8 32. a4 a6 33. Bd3 Nc6 34. Be1 (34. Bc5 $16) 34... f4 $14 35. Kd2 Nd6 36. Bf2 g5 37. h4 (37. exf4 $14 gxf4 38. h4) 37... gxh4 $11 38. Bxh4 b5 39. Bf2 fxe3+ 40. Kxe3 bxa4 41. bxa4 Nb4 42. Bb1 Nc4+ 43. Kf4 Nb2 44. a5 Nc6 45. Kg5 Nxa5 46. Bg6+ Ke7 47. Bc2 Nc6 ({Better is} 47... Nac4 $15) 48. Kg6 Kf8 {Threatens to win with ...a5.} 49. Kh7 $1 a5 {And now ...a4 would win.} 50. g5 a4 51. Bg3 {Threatening Bd6+.} Nc4 52. Bxa4 Nxd4 53. g6 {Black must now prevent Be1.} Nxf3 54. Bf4 Nd4 {aiming for ...e5.} 55. Bd1 $2 {[%mdl 8192]} (55. Bg5 $11 {and White stays safe.}) 55... e5 $19 {[%cal Be6e5,Be5e4,Be4e3][%mdl 32]} 56. Bg5 Ne6 57. Bc1 e4 $1 58. Bg4 {[#]} e3 $1 59. Be2 {[#]} Ke7 $1 {[%cal Re7f6]} 60. Bxc4 dxc4 {Black mates.} 61. Bxe3 c3 {[%cal Bc4c3,Bc3c2][%mdl 32]} 62. Bc1 Kf6 63. Be3 c2 64. Bc1 Ng5+ {Accuracy: White = 46%, Black = 69%.} 0-1

[Event "17th Asian Continental-ch Open 2018"]
[Site "Makati City"]
[Date "2018.12.11"]
[Round "2.15"]
[White "Ervan, Mohamad"]
[Black "Wang, Hao"]
[Result "1-0"]
[WhiteElo "2357"]
[BlackElo "2730"]
[PlyCount "73"]
[EventDate "2018.12.07"]
[EventType "swiss"]
[EventRounds "9"]
[EventCountry "PHI"]
[TimeControl "40/5400+30:1800+30"]

1. c4 e5 2. g3 Nf6 3. Bg2 d5 4. cxd5 Nxd5 5. Nf3 Nc6 6. O-O Nb6 7. Nc3 Be7 8. Rb1 f6 9. a3 O-O 10. b4 Be6 11. b5 Nd4 12. e3 Nxf3+ 13. Bxf3 Bc4 14. Re1 Bd3 15. Bxb7 Rb8 16. Be4 Bxb1 17. Qb3+ Kh8 18. Qxb1 Bd6 19. Rf1 Qd7 20. Bf5 Qf7 21. a4 Nc8 22. Qc2 Ne7 23. Bd3 f5 24. Ne2 Qh5 25. f4 Nd5 26. Bb2 Nb4 27. Qc3 Nxd3 28. Qxd3 Rbd8 29. Qc4 exf4 30. gxf4 Be7 31. Rf2 Rd7 32. Qe6 Rfd8 33. Bxg7+ Kxg7 34. Rg2+ Qg6 35. Nd4 Bc5 36. Rxg6+ hxg6 37. Qe5+ 1-0

[Event "17th Asian Continental-ch Open 2018"]
[Site "Makati City"]
[Date "2018.12.11"]
[Round "2.16"]
[White "Vidit, Santosh Gujrathi"]
[Black "Song, Yuxin"]
[Result "1-0"]
[WhiteElo "2701"]
[BlackElo "2206"]
[Annotator "TA"]
[PlyCount "121"]
[EventDate "2018.12.07"]
[EventType "swiss"]
[EventRounds "9"]
[EventCountry "PHI"]

{[%evp 17,121,27,32,26,67,62,131,132,160,150,180,154,146,166,151,122,137,140,137,131,133,124,336,340,331,331,278,174,163,161,284,191,280,288,264,160,171,171,160,149,256,246,279,289,450,427,409,391,461,479,478,478,477,478,477,477,477,477,472,460,455,430,387,379,781,770,539,539,827,778,2074,2097,12847,8520,5197,5418,29967,29968,29967,29966,29965,29969,6087,4878,29971,29973,29972,29972,29978,29978,29980,29981,29981,29982,29982,29983,29984,29985,29985,29986,29986,29987,29991,29990,29992,29993]} 1. Nf3 d5 2. e3 Nf6 3. c4 e6 4. Nc3 Nbd7 5. b3 c6 6. Qc2 {A11: English Opening: 1...c6} Bd6 7. Bb2 Qe7 (7... a6 8. d4 O-O 9. Bd3 e5 10. cxd5 cxd5 11. dxe5 Nxe5 12. Nxe5 Bxe5 13. Ne2 Qd6 14. Bxe5 Qxe5 15. Qc3 Qd6 16. f3 Bd7 17. Kf2 {1-0 (34) Wei,Y (2734)-Wang,H (2710) Tianjin 2018}) 8. Be2 Ba3 9. Bxa3 Qxa3 {LiveBook: 7 Games} 10. d4 a6 $146 ({Predecessor:} 10... O-O 11. O-O Qe7 12. Rfd1 b6 13. Rac1 Bb7 {1-0 (51) Karthikeyan,P (2497)-Maheswaran,P (2240) Chennai 2018}) 11. O-O c5 (11... O-O $14) 12. cxd5 $16 exd5 13. Rfd1 cxd4 14. Rxd4 Nb6 15. e4 Be6 16. exd5 Nbxd5 17. Nxd5 Bxd5 18. Rad1 Be6 19. Ng5 Rc8 $2 (19... O-O $16) 20. Bc4 $18 Qe7 {intending ...Bxc4.} 21. Nxe6 fxe6 22. Qe2 Rc6 23. Qe5 $40 {[%mdl 128] [#] Hoping for Qb8+. Black is in trouble.} Kf7 (23... O-O {is a better defense.} 24. Rd6 Rxd6 25. Rxd6 Kh8) 24. Rd6 Rxd6 (24... Rhc8 {keeps fighting.} 25. Qxe6+ Qxe6 26. Bxe6+ Ke7 27. Bxc8 Rxd6 28. Rxd6 Kxd6 29. Bxb7 a5) 25. Rxd6 ({Weaker is} 25. Qxd6 b5 $14) 25... Rd8 26. Bxe6+ Kf8 27. Rxd8+ Qxd8 28. g3 {[%cal Bg2g3,Bg3g4][%mdl 32]} g6 (28... Qd1+ $16 29. Kg2 Qc2 30. Qb8+ Ke7) 29. g4 h6 30. h4 g5 (30... b5 {was worth a try.} 31. b4 Qd1+ 32. Kg2 Qd8) 31. hxg5 hxg5 32. Qxg5 Qd1+ 33. Kg2 Qd4 {Threatening ...Qe4+.} 34. Qf5 Ke7 35. g5 Qe4+ 36. Qxe4 Nxe4 {[%mdl 4096] Endgame KB-KN} 37. Bd5 Nxg5 38. Bxb7 a5 39. Kg3 Ne6 40. Bd5 {[#] Strongly threatening Bxe6.} Nd4 $2 (40... Nc5 41. Kf3 Kd6) 41. Bc4 Kd6 42. Kf4 Kc5 43. Ke4 a4 44. Bg8 axb3 45. Bxb3 Nc6 46. f4 {[%cal Bf2f4,Bf4f5][%mdl 32]} Nb8 47. f5 Nd7 48. Be6 Nf6+ 49. Ke5 Ng4+ 50. Kf4 Nf6 51. Kg5 {White mates.} Ne4+ 52. Kg6 Kd6 53. f6 Nxf6 54. Kxf6 Kc5 55. Ke5 Kb4 56. Kd4 Ka3 57. Kc5 Ka4 58. Kb6 Kb4 59. Bb3 Ka3 60. Kb5 Kb2 61. Kb4 {Precision: White = 92%, Black = 31%.} 1-0

[Event "17th Asian Continental-ch Open 2018"]
[Site "Makati City"]
[Date "2018.12.11"]
[Round "2.17"]
[White "Taher, Yoseph Theolifus"]
[Black "Tabatabaei, M.amin"]
[Result "1/2-1/2"]
[WhiteElo "2454"]
[BlackElo "2587"]
[Annotator "TA"]
[PlyCount "81"]
[EventDate "2018.12.07"]
[EventType "swiss"]
[EventRounds "9"]
[EventCountry "PHI"]

{[%evp 19,81,0,18,12,18,10,23,0,0,-39,-42,-46,0,-60,5,-93,-88,-82,-90,-99,-79,-96,-83,-62,-10,-76,-86,-86,-88,-77,-89,-84,-91,-154,-150,-151,-23,-29,-38,-36,-42,-37,-38,-19,-21,-24,-22,-18,-8,-8,-8,-8,-9,-9,62,62,54,0,0,0,0,0,0,0]} 1. e4 c5 2. Nf3 Nc6 3. Nc3 g6 4. d4 cxd4 5. Nxd4 Bg7 6. Be3 Nf6 7. Be2 O-O 8. O-O d6 9. Nb3 Be6 10. f4 Qc8 {LiveBook: 255 Games} 11. Qd2 {B74: Sicilian Dragon: Classical System with 9 Nb3} (11. Kh1 Rd8 12. Bg1 d5 13. e5 Ne4 14. Bd3 Nxc3 15. bxc3 Bf5 16. Qe2 f6 17. exf6 exf6 18. Rae1 b6 19. Qf3 Bxd3 20. Qxd3 f5 21. Re2 Qd7 22. Rfe1 {1-0 (67) Alekseev,E (2715)-Maslak,K (2544) Moscow 2008}) 11... Rd8 12. Rad1 Rb8 $146 ({Predecessor:} 12... Bg4 13. Nd4 Bxe2 14. Qxe2 Ng4 15. Nxc6 bxc6 16. Bd2 Nf6 17. b3 Qb7 18. f5 Nd7 {½-½ (36) Fajs,B (2449)-Joppich,U (2451) ICCF email 2010}) 13. h3 {White has an edge.} b5 {[%cal Bb7b5,Bb5b4][%mdl 32] Hoping for ...b4.} 14. Bf3 Bc4 15. Rfe1 e5 (15... b4 $5 {[%cal Rb4c3]} 16. Nd5 e6 $11) 16. f5 (16. Qf2 $11) 16... gxf5 (16... b4 $1 $15 17. Nd5 Bxd5 18. exd5 Ne7) 17. Bg5 (17. exf5 $11 d5 18. g4) 17... b4 $1 $17 {[%cal Rb4c3]} 18. Nd5 Bxd5 $1 19. exd5 Ne7 20. Nd4 Qc5 $36 {[%mdl 2112] Pin. Black is on the roll.} 21. Kh1 e4 (21... Re8 $15 22. Nc6 Nxc6 23. dxc6 e4) 22. Be2 (22. Bh6 $11 {remains equal.} Ne8 23. Qg5) 22... Nfxd5 23. Rf1 Qxd4 24. Qxd4 Bxd4 25. Rxd4 f6 26. Bc1 {[#]} (26. Bd2 $142 Kh8 27. g4) 26... Nc7 $1 27. Bf4 {[#]} Ne6 (27... Rbc8 $1 $17 28. Rxb4 Ncd5) 28. Bc4 $11 Kf7 {...d5 is the strong threat.} 29. Rxd6 Rxd6 30. Bxd6 Rb6 31. Bxe7 Kxe7 32. Rxf5 $15 {[%mdl 4096] Endgame KRB-KRN} Nd4 33. Rh5 Nxc2 34. Rxh7+ Kd6 {With the idea ...Rc6.} 35. Rxa7 Ke5 36. Ra6 Rxa6 (36... Rb7 $11) 37. Bxa6 $14 Kf4 38. Kg1 ({White should try} 38. h4 $1 $14) 38... Kg3 $1 $11 {The position is equal.} 39. Bc8 Ne3 40. a4 bxa3 $1 41. bxa3 {Accuracy: White = 58%, Black = 48%.} 1/2-1/2

[Event "17th Asian Continental-ch Open 2018"]
[Site "Makati City"]
[Date "2018.12.11"]
[Round "2.18"]
[White "Priasmoro, Novendra"]
[Black "Pascua, Haridas"]
[Result "1/2-1/2"]
[WhiteElo "2483"]
[BlackElo "2442"]
[Annotator "TA"]
[PlyCount "37"]
[EventDate "2018.12.07"]
[EventType "swiss"]
[EventRounds "9"]
[EventCountry "PHI"]

{[%evp 35,37,0,10,0]} 1. d4 {Iotov,V} Nf6 2. Nf3 e6 3. g3 b6 4. Bg2 Bb7 5. O-O Be7 6. c4 O-O 7. d5 exd5 8. Nh4 c6 9. cxd5 Nxd5 10. Nf5 Nc7 11. e4 d5 12. exd5 cxd5 13. Nc3 Bf6 14. Bf4 {E17: Queen's Indian: 4 g3 Bb7 5 Bg2 Be7} Nba6 15. Re1 {[#]} Qd7 $146 ({Predecessor:} 15... Bc8 16. Nd6 Bxc3 17. bxc3 Be6 18. a4 Nc5 19. h4 Qd7 20. a5 Bg4 21. f3 Be6 {0-1 (36) Buhmann,R (2653)-Ponomariov,R (2706) Dortmund 2016 CBM 174 [Iotov,V]}) 16. Bh3 Qd8 17. Bg2 Qd7 18. Bh3 Qd8 $1 {LiveBook: 3 Games} 19. Bg2 1/2-1/2

[Event "17th Asian Continental-ch Open 2018"]
[Site "Makati City"]
[Date "2018.12.11"]
[Round "2.19"]
[White "Garma, Chito"]
[Black "Le, Quang Liem"]
[Result "0-1"]
[WhiteElo "2342"]
[BlackElo "2714"]
[PlyCount "78"]
[EventDate "2018.12.07"]
[EventType "swiss"]
[EventRounds "9"]
[EventCountry "PHI"]
[TimeControl "40/5400+30:1800+30"]

1. e4 c5 2. Nf3 d6 3. d4 cxd4 4. Nxd4 Nf6 5. Nc3 Nc6 6. Be2 e5 7. Nb3 Be7 8. O-O O-O 9. Be3 Be6 10. Bf3 a5 11. Nd5 Bxd5 12. exd5 Nb4 13. c3 Na6 14. a4 Nd7 15. Be2 Nc7 16. f3 Bg5 17. Bf2 f5 18. g3 Qe7 19. Re1 Qf7 20. c4 b6 21. Nc1 Na6 22. Na2 Ndc5 23. Nc3 Qd7 24. Bf1 Rae8 25. Ra3 Qd8 26. Nb5 Nb4 27. Bg2 Re7 28. Be3 Bxe3+ 29. Raxe3 f4 30. Ra3 Ref7 31. g4 h5 32. Kh1 hxg4 33. fxg4 f3 34. Bxf3 Nbd3 35. Rf1 e4 36. Nd4 Qg5 37. Nf5 exf3 38. Rxd3 Nxd3 39. Qxd3 Rxf5 0-1

[Event "17th Asian Continental-ch Open 2018"]
[Site "Makati City"]
[Date "2018.12.11"]
[Round "2.20"]
[White "Wang, Shixu B"]
[Black "Ghaem Maghami, Ehsan"]
[Result "1/2-1/2"]
[WhiteElo "2342"]
[BlackElo "2537"]
[Annotator "TA"]
[PlyCount "44"]
[EventDate "2018.12.07"]
[EventType "swiss"]
[EventRounds "9"]
[EventCountry "PHI"]

{[%evp 28,44,34,20,34,45,58,60,104,10,10,10,11,10,12,7,4,4,44]} 1. d4 Nf6 2. c4 e6 3. Nc3 Bb4 4. e3 c5 5. Bd3 d5 6. Nf3 O-O 7. O-O Nc6 8. cxd5 exd5 9. dxc5 Bxc5 10. h3 Qe7 {D37: Queen's Gambit Declined: 5 Bf4} 11. b3 Rd8 12. Bb2 Ne4 13. Ne2 Bf5 14. Nfd4 Nxd4 15. Nxd4 {[#] LiveBook: 4 Games} Bxd4 $146 ({Predecessor:} 15... Bg6 16. Qg4 h5 17. Qe2 a6 18. Rad1 {0-1 (48) Mastrovasilis,A (2535)-Korobov,A (2698) Dubai 2014}) 16. Bxd4 Qg5 17. Qf3 Rd6 18. Qf4 (18. h4 $16 Qg6 19. Rfc1) 18... Qxf4 $11 {The position is equal.} 19. exf4 Ng3 20. fxg3 Bxd3 21. Rfe1 Be4 22. Rac1 Rd7 1/2-1/2